Normal view
MARC view
Entry Personal Name
001 - CONTROL NUMBER
- control field: 65892
003 - CONTROL NUMBER IDENTIFIER
- control field: OSt
005 - DATE AND TIME OF LATEST TRANSACTION
- control field: 20160731131204.0
008 - FIXED-LENGTH DATA ELEMENTS
- fixed length control field: 160731|| aca||aabn | a|a d
040 ## - CATALOGING SOURCE
- Original cataloging agency: OSt
- Transcribing agency: OSt
100 ## - HEADING--PERSONAL NAME
- Personal name: बांगिया, जयदेव
670 ## - SOURCE DATA FOUND
- Source citation: Work cat.: (OSt)48575: बांगिया, जयदेव, नि: शुल्क आैर अनिवार्य बाल शिक्षा का अधिकार अधिनियम एवं नियम , 2011









